| 000 | 00955nam a22003017a 4500 | ||
|---|---|---|---|
| 001 | BR0002355 | ||
| 003 | BR-BrBNA | ||
| 005 | 20230928100550.0 | ||
| 007 | ta | ||
| 008 | 230509b bl.||||| |||| 00| 0 por d | ||
| 040 |
_aBR-BrBNA _bpor _cBiblioteca Nacional de Agricultura |
||
| 041 | _a(Por) | ||
| 072 |
_aH50; F61 _b1215 |
||
| 090 | _ 1215 BR0002355 | ||
| 100 | 1 | _aCamargos, S.L. | |
| 110 | 1 |
_aCentro de Energia Nuclear na Agricultura, Piracicaba, SP (Brasil) _0Tese (Doutor em Ciencias) |
|
| 245 | 1 | _aDiagnose de deficiencia, teor e acumulo de nutrientes em castanheira-do-Brasil | |
| 260 | 3 |
_aPiracicaba, SP (Brasil): _c1999. |
|
| 300 | _a90 p. | ||
| 500 | _aSummaries (Eng, Por); Bibliography p. 71-81; 14 tables; 5 illus. | ||
| 650 | _aCastanha do Para | ||
| 650 | _aDeficiencia Nutricional | ||
| 650 | _aNutricao Vegetal | ||
| 650 | _aAnalise Foliar | ||
| 650 | _aAmazonia | ||
| 909 |
_a202309 _bLucia _c55 _dLucia Elande |
||
| 942 | _cBK | ||
| 999 |
_c61835 _d61835 |
||